| 000 | 01408nam a2200337Ia 4500 | ||
|---|---|---|---|
| 001 | ebr10032041 | ||
| 003 | CaPaEBR | ||
| 006 | m u | ||
| 007 | cr cn||||||||| | ||
| 008 | 020716s2002 ne sb 001 0 eng d | ||
| 020 | _z1588112349 | ||
| 040 |
_aCaPaEBR _cCaPaEBR |
||
| 035 | _a(OCoLC)52965675 | ||
| 050 | 1 | 4 |
_aPJ3027 _b.L36 2002eb |
| 082 | 0 | 4 |
_a492 _221 |
| 245 | 0 | 0 |
_aLanguage processing and acquisition in languages of semitic, root-based, morphology _h[electronic resource] / _cedited by Joseph Shimron. |
| 260 |
_aAmsterdam : _aPhiladelphia : _bJ. Benjamins, _c2002. |
||
| 300 | _a392 p. | ||
| 490 | 1 |
_aLanguage acquisition & language disorders, _x0925-0123 ; _vv. 28 |
|
| 504 | _aIncludes bibliographical references and index. | ||
| 533 |
_aElectronic reproduction. _bPalo Alto, Calif. : _cebrary, _d2011. _nAvailable via World Wide Web. _nAccess may be limited to ebrary affiliated libraries. |
||
| 650 | 0 |
_aSemitic languages _xMorphology. |
|
| 650 | 0 |
_aSemitic languages _xWord formation. |
|
| 650 | 0 |
_aSemitic languages _xRoots. |
|
| 650 | 0 |
_aSemitic languages _xAcquisition. |
|
| 655 | 7 |
_aElectronic books. _2local |
|
| 700 | 1 | _aShimron, Joseph. | |
| 710 | 2 | _aebrary, Inc. | |
| 830 | 0 |
_aLanguage acquisition & language disorders ; _vv. 28. |
|
| 856 | 4 | 0 |
_uhttp://site.ebrary.com/lib/rucke/Doc?id=10032041 _zAn electronic book accessible through the World Wide Web; click to view |
| 999 |
_c162929 _d162929 |
||